[Event "Kerkinitida 2021"]
[Site "Yevpatoria"]
[Date "2021.10.26"]
[Round "8.3"]
[White "Kryakvin, Dmitry"]
[Black "Polukhin, Sergey"]
[Result "1-0"]
[WhiteElo "2570"]
[BlackElo "1410"]
[Annotator "TA"]
[PlyCount "71"]
[EventDate "2021.10.19"]
[EventType "swiss"]
[SourceTitle "playchess.com"]
[Source "ChessBase"]
[SourceQuality "1"]

{[%evp 30,71,48,43,47,43,50,52,58,37,48,46,41,41,49,58,58,52,55,48,90,75,107,108,94,106,102,104,106,69,175,154,205,171,176,158,182,165,457,438,717,714,1173,1127]} 1. Nf3 c5 2. c4 g6 3. d4 cxd4 4. Nxd4 Bg7 5. e4 Nc6 6. Be3 Nf6 7. Nc3 O-O 8. Be2 d6 9. O-O Bd7 10. Qd2 Nxd4 11. Bxd4 Bc6 12. f3 Nd7 13. Be3 Nc5 14. Rab1 a5 15. b3 Qb6 {15...Qb6 was played by the boomers.} 16. Rfc1 Qb4 {B38: Sicilian: Maroczy Bind with 5...Bg7 and 7...0-0.} 17. Rc2 Rfc8 18. Qc1 {[#] aiming for a3.} Qb6 {White is slightly better.} 19. Kh1 {[#]} Qc7 $146 ({Predecessor:} 19... h5 20. a3 Qd8 21. Qd2 Kh7 22. Bf1 Qf8 23. b4 axb4 24. axb4 Na4 25. Ne2 Bd7 {1-0 (55) Navara,D (2734)-Mamedov,R (2650) Huaian 2016}) 20. Bf1 e6 21. Qd2 Qe7 22. Bg5 f6 23. Bf4 Rd8 24. Rd1 {[%cal Rf4d6]} Bf8 25. Qf2 e5 26. Be3 f5 27. exf5 gxf5 28. Nd5 Bxd5 29. Rxd5 b6 (29... f4 $14) 30. g3 $18 Ra7 (30... Bg7 $16 {might work better.} 31. Bh3 Qe6) 31. Bg2 Qe6 32. Rcd2 Rad7 33. f4 exf4 $2 {[#]} (33... Bg7 34. fxe5 (34. Bxc5 bxc5 35. fxe5 Bxe5 $16) 34... Bxe5) 34. Qxf4 {White is clearly winning.} Re8 (34... Ne4 $142 35. Rxf5 Bh6 36. Qxh6 Qxf5) 35. Rxf5 Bg7 36. Bd5 {Weighted Error Value: White=0.06/Black=0.33} 1-0

[Event "Kerkinitida 2021"]
[Site "Yevpatoria"]
[Date "2021.10.26"]
[Round "8.4"]
[White "Chos, Alexey"]
[Black "Polukhin, Alexander"]
[Result "1/2-1/2"]
[WhiteElo "2296"]
[BlackElo "2152"]
[Annotator "TA"]
[PlyCount "57"]
[EventDate "2021.10.19"]
[EventType "swiss"]
[SourceTitle "playchess.com"]
[Source "ChessBase"]
[SourceQuality "1"]

{[%evp 15,57,-32,0,-60,0,0,-13,-78,-52,-37,-54,-88,-45,-59,-49,-150,-115,-91,-75,-54,-56,-147,-148,-147,-97,-164,-168,-191,-68,-63,0,0,0,0,0,-102,-109,-109,-102,-101,0,0,0,-112]} 1. d4 d5 2. Nf3 c6 3. c4 e6 4. Nc3 dxc4 5. g3 b5 6. Bg2 Bb7 7. O-O {7.Ne5 is vanishing.} Nd7 8. e4 Ngf6 9. Qe2 {E01: Catalan: Early deviations.} ({White should play} 9. e5 $11 Nd5 10. Ng5) 9... a6 10. e5 Nd5 11. Ne4 (11. Ng5 $11 {remains equal.} Be7 12. Qh5) 11... h6 {[#]} 12. Bd2 $146 ({Predecessor:} 12. b3 cxb3 13. axb3 c5 14. Bb2 Qb6 15. Rfd1 Be7 16. dxc5 Nxc5 17. Bd4 O-O 18. Rac1 {1-0 (69) Toolin,C (2146)-Senthil,M (2246) Chess.com INT 2021}) 12... c5 13. a4 cxd4 14. Nxd4 Qb6 (14... Nxe5 15. axb5 axb5 16. Nc3 $16) 15. Nf3 (15. Be3 $15) 15... Nc5 16. axb5 Nb3 17. bxa6 Bxa6 18. Bc3 (18. Ra2 $15) 18... Nxa1 $17 19. Rxa1 Be7 20. Nfd2 (20. Bd4 $17 Qb8 21. Nd6+ Bxd6 22. exd6) 20... O-O $19 21. h4 Rac8 ({Better is} 21... Nxc3 $19 22. bxc3 Rfd8) 22. Nf6+ $1 $15 Nxf6 ({Black should try} 22... Bxf6 $15 23. exf6 Nxc3 24. bxc3 Rcd8 25. fxg7 Kxg7) 23. exf6 $11 Bxf6 24. Bxf6 gxf6 25. Qg4+ (25. Ne4 $1 $11 e5 26. Qg4+ Kh8 27. Qh5) 25... Kh8 $17 26. Qf4 {[#]} Kg7 27. Qg4+ Kh8 28. Qf4 $1 {[%cal Rf4h6]} Kg7 29. Qg4+ $1 {Weighted Error Value: White=0.37/Black=0.28} 1/2-1/2

[Event "Kerkinitida 2021"]
[Site "Yevpatoria"]
[Date "2021.10.26"]
[Round "8.5"]
[White "Baranov, Jury"]
[Black "Grinivetskii, Mark"]
[Result "1-0"]
[WhiteElo "2147"]
[BlackElo "1350"]
[Annotator "TA"]
[PlyCount "57"]
[EventDate "2021.10.19"]
[EventType "swiss"]
[SourceTitle "playchess.com"]
[Source "ChessBase"]
[SourceQuality "1"]

{[%evp 11,56,10,29,11,40,40,47,14,65,49,47,45,69,73,212,208,206,187,319,318,416,322,447,435,829,828,789,783,1091,1038,968,750,1815,1703,29980,1897,2069,1913,2244,1737,29988,29989,29989,29990,29998,29999,29999]} 1. d4 d5 2. c4 e6 3. Nf3 c6 4. e3 Nf6 5. Nc3 Bb4 6. Bd2 O-O 7. Qc2 {D45: Semi-Slav: 5 e3.} Bxc3 8. Bxc3 b6 9. Bd3 {[#] White is slightly better.} Ba6 $146 ({Black should try} 9... dxc4 $11 10. Bxc4 Ba6 11. Bxa6 Nxa6) ({Predecessor:} 9... h6 10. O-O Bb7 11. a3 Na6 12. b4 Nc7 13. cxd5 Nfxd5 14. Bb2 Rc8 15. e4 Nf4 {0-1 (38) Santos,S (1365)-Costa,T (1496) Brasilia 2015}) 10. Ne5 dxc4 11. Nxc4 Qd5 {[#]} 12. e4 $1 Nxe4 {[#]} (12... Qh5 13. O-O) 13. Ne3 $1 $18 {[%cal Re3d5]} Bxd3 14. Qxd3 Nc5 (14... Nxc3 $142 15. Nxd5 Nxd5) 15. Qe2 Qd6 16. Nc4 Qd5 17. dxc5 Qxg2 (17... Nd7 $142 18. Qg4 e5) 18. O-O-O {Hoping for Rhg1.} Qg5+ 19. Kb1 Qxc5 20. Rhg1 g6 21. Nd6 Rd8 22. Ne4 Qe7 23. Bf6 (23. Rxd8+ $142 Qxd8 24. Nf6+ Qxf6 25. Bxf6 Nd7 26. Bc3 Rf8 27. Qf3 f6 28. Qxc6 {[%mdl 64] Double Attack}) 23... Rxd1+ 24. Rxd1 Qe8 25. Rd8 {[%cal Rd8e8]} Nd7 26. Rxe8+ {White mates.} Rxe8 27. Qd2 Nc5 {[#]} 28. Qh6 $1 {[%csl Gf6][%cal Rh6g7]} Nxe4 (28... e5 29. Qg7#) 29. Qg7# {Black got outplayed after the opening.  Weighted Error Value: White=0.19/Black=1.16} 1-0

[Event "Kerkinitida 2021"]
[Site "Yevpatoria"]
[Date "2021.10.26"]
[Round "8.6"]
[White "Tihonov, Gennady"]
[Black "Samson, Anna Rao. T"]
[Result "1-0"]
[WhiteElo "1827"]
[BlackElo "1573"]
[Annotator "NA RC"]
[PlyCount "55"]
[EventDate "2021.10.19"]
[EventType "swiss"]
[SourceTitle "playchess.com"]
[Source "ChessBase"]
[SourceQuality "1"]
[TimeControl "5400+30"]

1. e4 {[%emt 0:02:24]} e5 {[%emt 0:00:25]} 2. Nf3 {[%emt 0:00:08]} Nc6 {[%emt 0:00:06]} 3. Bb5 {[%emt 0:00:28]} a6 {[%emt 0:00:18]} 4. Bxc6 {[%emt 0:00:06]} bxc6 {[%emt 0:00:06]} 5. d3 {[%emt 0:02:19]} d6 {[%emt 0:03:05]} 6. Nbd2 {[%emt 0:01:16]} Bg4 {[%emt 0:00:14]} 7. h3 {[%emt 0:00:21]} Bh5 {[%emt 0:00:30]} 8. Nf1 {[%emt 0:00:38]} Qf6 {[%emt 0:03:27]} 9. g4 {[%emt 0:02:02]} Bg6 {[%emt 0:01:36]} 10. Ng3 {[%emt 0:01:26]} d5 {[%emt 0:01:16]} 11. O-O {[%emt 0:01:15]} Rd8 {[%emt 0:00:30]} 12. Bg5 {[%emt 0:00:44]} Qe6 {[%emt 0:02:01]} 13. Bxd8 {[%emt 0:00:09]} Kxd8 {[%emt 0:00:10]} 14. c4 {[%emt 0:01:36]} dxe4 {[%emt 0:00:21]} 15. dxe4+ {[%emt 0:00:15]} Bd6 {[%emt 0:00:08]} 16. c5 {[%emt 0:00:08]} Bxe4 {[%emt 0:00:19]} 17. Nxe4 {[%emt 0:00:13]} Kd7 {[%emt 0:01:54]} 18. cxd6 {[%emt 0:00:24]} cxd6 {[%emt 0:00:06]} 19. Nc5+ {[%emt 0:00:07]} Ke7 {[%emt 0:00:12]} 20. Nxe6 {[%emt 0:00:05]} fxe6 {[%emt 0:00:13]} 21. Qd3 {[%emt 0:01:25]} Nf6 {[%emt 0:00:19]} 22. Rfd1 {[%emt 0:00:27]} Rd8 {[%emt 0:00:10]} 23. Nxe5 {[%emt 0:00:13]} a5 {[%emt 0:00:33]} 24. Nxc6+ {[%emt 0:00:09]} Kf7 {[%emt 0:00:14]} 25. Nxd8+ {[%emt 0:00:10]} Ke7 {[%emt 0:00:00]} 26. Qxd6+ {[%emt 0:00:18]} Ke8 {[%emt 0:00:17]} 27. Qxe6+ {[%emt 0:00:07]} Kf8 {[%emt 0:00:10]} 28. Qf7# {[%emt 0:00:02]} 1-0

[Event "Kerkinitida 2021"]
[Site "Yevpatoria"]
[Date "2021.10.26"]
[Round "8.7"]
[White "Cherunov, Svyatoslav"]
[Black "Iljin, Viktor"]
[Result "1/2-1/2"]
[WhiteElo "1240"]
[BlackElo "1066"]
[Annotator "NA RC"]
[PlyCount "71"]
[EventDate "2021.10.19"]
[EventType "swiss"]
[SourceTitle "playchess.com"]
[Source "ChessBase"]
[SourceQuality "1"]
[TimeControl "5400+30"]

1. e4 {[%emt 0:00:02]} d6 {[%emt 0:01:02]} 2. d4 {[%emt 0:00:10]} Nd7 {[%emt 0:00:03]} 3. Nf3 {[%emt 0:00:11]} g6 {[%emt 0:00:31]} 4. Nc3 {[%emt 0:00:28]} Bg7 {[%emt 0:00:22]} 5. Bc4 {[%emt 0:00:47]} Nb6 {[%emt 0:02:05]} 6. Bb3 {[%emt 0:00:53]} Nf6 {[%emt 0:00:10]} 7. O-O {[%emt 0:00:14]} O-O {[%emt 0:00:04]} 8. h3 {[%emt 0:00:07]} Nbd7 {[%emt 0:00:15]} 9. Re1 {[%emt 0:01:43]} c5 {[%emt 0:01:05]} 10. e5 {[%emt 0:00:50]} dxe5 {[%emt 0:00:32]} 11. dxe5 {[%emt 0:00:09]} Ne8 {[%emt 0:00:07]} 12. e6 {[%emt 0:00:42]} fxe6 {[%emt 0:00:24]} 13. Bxe6+ {[%emt 0:00:11]} Kh8 {[%emt 0:00:04]} 14. Ne5 {[%emt 0:01:24]} Bxe5 {[%emt 0:00:48]} 15. Rxe5 {[%emt 0:00:18]} Ng7 {[%emt 0:00:14]} 16. Bxd7 {[%emt 0:00:30]} Bxd7 {[%emt 0:00:19]} 17. Rd5 {[%emt 0:01:00]} Qb6 {[%emt 0:01:10]} 18. Rxd7 {[%emt 0:00:41]} c4 {[%emt 0:00:14]} 19. Be3 {[%emt 0:00:16]} Qxb2 {[%emt 0:00:25]} 20. Bd4 {[%emt 0:00:57]} Rad8 {[%emt 0:00:54]} 21. Rb1 {[%emt 0:01:06]} Qa3 {[%emt 0:01:01]} 22. Bxg7+ {[%emt 0:00:36]} Kxg7 {[%emt 0:00:06]} 23. Qd4+ {[%emt 0:00:13]} Kf7 {[%emt 0:00:34]} 24. Rxd8 {[%emt 0:00:39]} Rxd8 {[%emt 0:00:05]} 25. Qxd8 {[%emt 0:00:17]} Qxc3 {[%emt 0:00:03]} 26. Qd5+ {[%emt 0:01:07]} e6 {[%emt 0:00:21]} 27. Qf3+ {[%emt 0:00:10]} Qxf3 {[%emt 0:00:43]} 28. gxf3 {[%emt 0:00:05]} Kf6 {[%emt 0:00:02]} 29. Rxb7 {[%emt 0:00:13]} Ke5 {[%emt 0:00:03]} 30. a4 {[%emt 0:00:14]} Kd4 {[%emt 0:00:07]} 31. a5 {[%emt 0:00:07]} Kc3 {[%emt 0:00:08]} 32. Rxa7 {[%emt 0:00:13]} Kxc2 {[%emt 0:00:04]} 33. a6 {[%emt 0:00:19]} c3 {[%emt 0:00:04]} 34. Rc7 {[%emt 0:00:08]} Kb2 {[%emt 0:00:03]} 35. a7 {[%emt 0:00:12]} c2 {[%emt 0:00:06]} 36. a8=Q {[%emt 0:00:10]} 1/2-1/2

[Event "Kerkinitida 2021"]
[Site "Yevpatoria"]
[Date "2021.10.26"]
[Round "8.8"]
[White "Aryslanov, Leonidas"]
[Black "Brusilovskiy, Boris"]
[Result "0-1"]
[WhiteElo "1121"]
[BlackElo "2067"]
[Annotator "TA"]
[PlyCount "48"]
[EventDate "2021.10.19"]
[EventType "swiss"]
[SourceTitle "playchess.com"]
[Source "ChessBase"]
[SourceQuality "1"]

{[%evp 15,47,-39,-28,-49,-47,-104,-101,-386,-399,-446,-410,-833,-828,-1052,-1031,-1205,-1106,-1054,-1008,-1227,-1238,-1410,-1389,-1845,-1654,-2137,-2064,-29995,-29996,-29996,-29997,-29998,-29999,-29999]} 1. e4 e5 2. Nf3 Nc6 3. Nc3 Nf6 4. Bc4 Nxe4 5. Nxe4 d5 6. Bxd5 Qxd5 7. Nc3 Qd8 8. O-O Bd6 9. Re1 {C55: Two Knights: 4 d3, 4 d4 exd4 5 e5 and Max Lange Attack.} O-O 10. d4 (10. d3 $15) 10... exd4 $17 11. Nxd4 {[%mdl 8192]} (11. Ne4 $17 {was necessary.}) 11... Nxd4 $19 12. Be3 {[#]} Nf5 $146 ({Predecessor:} 12... Nc6 13. a3 Bf5 14. h3 Be5 15. Na4 Qxd1 16. Raxd1 Bxc2 17. Rd5 Bd6 18. Nc3 Bb3 {0-1 (33) Luna Stratta,E-Pousa,F San Antonio de Padua 2001}) 13. Bd4 (13. Bd2 $142) 13... Nxd4 14. Ne2 Nxe2+ 15. Rxe2 Qh4 16. g3 Qh5 {[#] ...Bg4 is the strong threat.} 17. Qd3 Bg4 18. Ree1 Rad8 {[%cal Ba8d8,Bd8e8,Be8e3][%mdl 32] aiming for ...Bc5.} 19. Qb3 Be6 20. Qxb7 Bd5 {[#] ( -> ...Bxg3)} 21. Qa6 Qf3 {[%csl Gd5][%cal Rf3h1] Black mates.} 22. Kf1 Rde8 {[%cal Rf3h1]} 23. Re3 Rxe3 {[%cal Rf3h1]} 24. c4 Qg2# {White got outplayed after the opening.  Weighted Error Value: White=2.11/Black=0.36} 0-1

[Event "Kerkinitida 2021"]
[Site "Yevpatoria"]
[Date "2021.10.27"]
[Round "9.1"]
[White "Triapishko, Alexandr"]
[Black "Tihonov, Gennady"]
[Result "1-0"]
[WhiteElo "2506"]
[BlackElo "1827"]
[Annotator "ChessBase"]
[PlyCount "149"]
[EventDate "2021.10.19"]
[EventType "swiss"]
[SourceTitle "playchess.com"]
[Source "ChessBase"]
[SourceQuality "1"]
[TimeControl "5400+30"]

1. c4 {[%emt 0:02:19]} e5 {[%emt 0:00:10]} 2. Nc3 {[%emt 0:09:28]} Nf6 {[%emt 0:00:34]} 3. Nf3 {[%emt 0:01:55]} Nc6 {[%emt 0:00:11]} 4. e4 {[%emt 0:03:25]} Bb4 {[%emt 0:01:39]} 5. d3 {[%emt 0:05:26]} h6 {[%emt 0:02:59]} 6. g3 {[%emt 0:04:52]} Qe7 {[%emt 0:03:40]} 7. Bg2 {[%emt 0:03:09]} Nd4 {[%emt 0:05:55]} 8. O-O {[%emt 0:21:37]} Nxf3+ {[%emt 0:02:38]} 9. Bxf3 {[%emt 0:02:40]} c6 {[%emt 0:05:04]} 10. Na4 {[%emt 0:14:54]} d6 {[%emt 0:06:10]} 11. a3 {[%emt 0:02:00]} Ba5 {[%emt 0:00:43]} 12. b4 {[%emt 0:00:35]} Bc7 {[%emt 0:00:33]} 13. Bg2 {[%emt 0:02:43]} Bd7 {[%emt 0:04:56]} 14. Bb2 {[%emt 0:04:44]} Rd8 {[%emt 0:09:53]} 15. d4 {[%emt 0:03:53]} Bc8 {[%emt 0:04:43]} 16. Re1 {[%emt 0:01:20]} Ng4 {[%emt 0:09:41]} 17. Qe2 {[%emt 0:02:44]} O-O {[%emt 0:02:47]} 18. Rad1 {[%emt 0:01:54]} Rfe8 {[%emt 0:03:08]} 19. h3 {[%emt 0:01:58]} Nf6 {[%emt 0:00:03]} 20. Qe3 {[%emt 0:01:01]} Bb8 {[%emt 0:02:08]} 21. Re2 {[%emt 0:04:17]} Nh7 {[%emt 0:01:36]} 22. Red2 {[%emt 0:01:47]} Ng5 {[%emt 0:01:52]} 23. h4 {[%emt 0:00:12]} Ne6 {[%emt 0:00:23]} 24. d5 {[%emt 0:00:51]} Nf8 {[%emt 0:01:39]} 25. dxc6 {[%emt 0:01:17]} bxc6 {[%emt 0:00:10]} 26. c5 {[%emt 0:00:36]} Ne6 {[%emt 0:02:55]} 27. cxd6 {[%emt 0:00:48]} Rxd6 {[%emt 0:01:47]} 28. Rxd6 {[%emt 0:00:31]} Bxd6 {[%emt 0:00:06]} 29. Rc1 {[%emt 0:00:08]} Qb7 {[%emt 0:03:46]} 30. Bf1 {[%emt 0:01:43]} Rd8 {[%emt 0:01:33]} 31. Ba1 {[%emt 0:00:31]} Qa8 {[%emt 0:04:40]} 32. Bc4 {[%emt 0:00:35]} Qb7 {[%emt 0:03:39]} 33. Rd1 {[%emt 0:00:33]} Qe7 {[%emt 0:01:01]} 34. Rd2 {[%emt 0:00:28]} Bb8 {[%emt 0:00:47]} 35. Kg2 {[%emt 0:00:31]} Rxd2 {[%emt 0:01:03]} 36. Qxd2 {[%emt 0:00:02]} Qd6 {[%emt 0:01:27]} 37. Bc3 {[%emt 0:00:57]} Qxd2 {[%emt 0:00:34]} 38. Bxd2 {[%emt 0:00:02]} Kf8 {[%emt 0:01:06]} 39. Be3 {[%emt 0:00:14]} Ke7 {[%emt 0:00:36]} 40. Kf3 {[%emt 0:00:58]} Nd4+ {[%emt 0:00:27]} 41. Bxd4 {[%emt 0:00:39]} exd4 {[%emt 0:00:03]} 42. Ke2 {[%emt 0:00:32]} f5 {[%emt 0:00:34]} 43. Kd3 {[%emt 0:00:39]} f4 {[%emt 0:01:59]} 44. gxf4 {[%emt 0:00:08]} Bxf4 {[%emt 0:00:18]} 45. Kxd4 {[%emt 0:00:28]} Kd6 {[%emt 0:00:40]} 46. Nc5 {[%emt 0:00:35]} Be5+ {[%emt 0:01:02]} 47. Ke3 {[%emt 0:00:04]} Bf6 {[%emt 0:01:20]} 48. h5 {[%emt 0:00:22]} Bg4 {[%emt 0:00:21]} 49. Be2 {[%emt 0:01:22]} Bg5+ {[%emt 0:03:22]} 50. Kd3 {[%emt 0:00:06]} Bc8 {[%emt 0:00:49]} 51. Kd4 {[%emt 0:00:37]} Bf6+ {[%emt 0:00:26]} 52. Ke3 {[%emt 0:00:48]} a5 {[%emt 0:00:35]} 53. Bc4 {[%emt 0:00:30]} axb4 {[%emt 0:00:20]} 54. axb4 {[%emt 0:00:02]} Bg4 {[%emt 0:00:37]} 55. f4 {[%emt 0:00:55]} Bc3 {[%emt 0:00:40]} 56. Be2 {[%emt 0:00:19]} Bc8 {[%emt 0:01:07]} 57. Nd3 {[%emt 0:00:43]} Ba6 {[%emt 0:01:09]} 58. Nf2 {[%emt 0:00:10]} Bxe2 {[%emt 0:00:11]} 59. Kxe2 {[%emt 0:00:04]} Bxb4 {[%emt 0:00:13]} 60. Nd3 {[%emt 0:00:05]} Ba3 {[%emt 0:00:49]} 61. Kf3 {[%emt 0:00:59]} c5 {[%emt 0:00:42]} 62. Ne5 {[%emt 0:00:05]} Ke6 {[%emt 0:00:32]} 63. Nc4 {[%emt 0:00:17]} Bc1 {[%emt 0:01:26]} 64. Kg4 {[%emt 0:01:12]} Kf6 {[%emt 0:00:48]} 65. f5 {[%emt 0:00:51]} Bg5 {[%emt 0:00:46]} 66. e5+ {[%emt 0:00:25]} Kf7 {[%emt 0:00:44]} 67. Kf3 {[%emt 0:00:12]} Ke7 {[%emt 0:00:59]} 68. Ke4 {[%emt 0:00:06]} Bh4 {[%emt 0:00:29]} 69. Kd5 {[%emt 0:00:16]} Bf2 {[%emt 0:00:12]} 70. Nd6 {[%emt 0:00:20]} Bd4 {[%emt 0:02:10]} 71. f6+ {[%emt 0:01:47]} gxf6 {[%emt 0:00:35]} 72. Nf5+ {[%emt 0:00:03]} Kf8 {[%emt 0:00:30]} 73. e6 {[%emt 0:00:02]} Be5 {[%emt 0:00:39]} 74. Nxh6 {[%emt 0:00:30]} Bf4 {[%emt 0:00:37]} 75. Nf5 {[%emt 0:00:10]} 1-0

[Event "Kerkinitida 2021"]
[Site "Yevpatoria"]
[Date "2021.10.27"]
[Round "9.2"]
[White "Polukhin, Alexander"]
[Black "Kryakvin, Dmitry"]
[Result "0-1"]
[WhiteElo "2152"]
[BlackElo "2570"]
[Annotator "TA"]
[PlyCount "98"]
[EventDate "2021.10.19"]
[EventType "swiss"]
[SourceTitle "playchess.com"]
[Source "ChessBase"]
[SourceQuality "1"]

{[%evp 9,98,-17,-12,-9,1,-14,2,2,17,0,5,0,19,-47,-42,-50,-47,-49,-49,-48,-49,-44,-52,-46,-46,-48,-46,-33,-48,-48,-48,-33,-34,-52,-25,-25,-13,-78,-84,-81,-70,-154,-153,-172,-171,-137,-133,-105,-68,-100,-95,-90,-23,-22,-16,-104,-88,-99,-91,-99,-99,-177,-179,-179,-179,-184,-108,-173,-125,-121,-121,-111,-122,-174,-177,-220,-217,-259,-250,-302,-291,-526,-526,-526,-526,-800,-782,-733,-620,-569,-504]} 1. d4 d5 2. Bf4 c5 3. e3 cxd4 4. exd4 Nc6 5. Nc3 a6 6. Nf3 {B13: Caro-Kann: Exchange Variation and Panov-Botvinnik Attack.} Bg4 7. Be2 Bxf3 $5 {[%mdl 4] A promising side line.} 8. Bxf3 {The position is equal.} e6 9. O-O Bd6 10. Ne2 Nge7 {[#]} 11. c4 $146 (11. c3 $11) ({Predecessor:} 11. c3 O-O 12. Qd2 Na5 13. Bxd6 Qxd6 14. Qf4 Nf5 15. Qxd6 Nxd6 16. Nf4 Nac4 17. Nd3 {0-1 (59) Moon,B (2240)-Vogel,R (2441) Chess.com INT 2021}) 11... dxc4 $15 12. d5 exd5 13. Bxd5 Nxd5 14. Qxd5 Bxf4 {[%mdl 64] Discovered Attack} 15. Nxf4 {aiming for Qc5.} Qxd5 16. Nxd5 {Black should prevent Nc7+.} O-O-O 17. Nb6+ Kc7 18. Nxc4 b5 19. Ne3 Rd2 $36 {[%mdl 2048] Black has good play.} 20. Rab1 Rhd8 21. Rfd1 Kb6 22. Kf1 Nb4 23. a3 (23. Rxd2 $11 {keeps the balance.} Rxd2 24. Ke1) 23... Nc2 $1 $17 {[%cal Rc2e3] White must now prevent ...Nxe3+.} 24. Rxd2 Rxd2 {[%mdl 4096] Endgame KRN-KRN} 25. Nd1 (25. Nxc2 $15 Rxc2 26. b3) 25... Kc5 $1 26. Nc3 {And now Ne4+ would win.} Kc4 $1 27. Ne4 Rd4 28. b3+ Kd5 29. Nc3+ Kd6 30. a4 Na3 (30... Rd3 $1 $17 {[%cal Rd3c3]} 31. Ne4+ Kd5) 31. Rb2 Rd3 32. Na2 {[#]} (32. Ne4+ $11 Kd5 33. f3) 32... bxa4 $1 33. bxa4 Nc4 34. Rc2 Kc5 35. Nc3 {[#]} (35. Ke2 $17 Ra3 36. Nc3) 35... Kb4 $1 $19 36. Ne4 Rd4 37. Ng5 a5 ({Black should try} 37... Kxa4 $19 {...Kb3 is the strong threat.} 38. Rc1 a5) 38. Nf3 (38. Ke2 $17) 38... Rf4 39. Ke2 Kxa4 40. Kd3 Na3 41. Rc1 (41. Re2 $17 {keeps fighting.}) 41... Kb4 42. Ra1 a4 43. Ra2 Nc4 44. Nd4 a3 45. Ra1 $2 (45. Rc2 {might work better.} Ne5+ 46. Ke3) 45... Rxf2 {Black is clearly winning.} 46. Nc2+ Kb3 47. Nd4+ Kb2 48. Re1 a2 {Strongly threatening ...Na3.} 49. Kxc4 a1=Q {Weighted Error Value: White=0.36/Black=0.11} 0-1

[Event "Kerkinitida 2021"]
[Site "Yevpatoria"]
[Date "2021.10.27"]
[Round "9.3"]
[White "Truskavetsky, Alexandr"]
[Black "Cherunov, Svyatoslav"]
[Result "1-0"]
[WhiteElo "2371"]
[BlackElo "1240"]
[Annotator "TA"]
[PlyCount "65"]
[EventDate "2021.10.19"]
[EventType "swiss"]
[SourceTitle "playchess.com"]
[Source "ChessBase"]
[SourceQuality "1"]

{[%evp 9,65,29,26,35,54,32,31,20,27,26,52,28,47,40,56,50,60,45,40,28,31,35,87,135,116,119,416,384,377,271,298,287,286,346,386,323,293,312,471,459,372,196,846,510,837,743,866,541,29988,29989,29987,29988,29995,29996,29996,29997,29997,-394]} 1. d4 e6 2. Nf3 Nf6 3. Bf4 d5 4. e3 Bd7 5. Nbd2 Be7 6. Bd3 {D02: 1 d4 d5 2 Nf3 sidelines, including 2...Nf6 3 g3 and 2...Nf6 3 Bf4.} Nc6 7. c3 Nh5 8. Bg3 {[#] White is slightly better.} g6 $146 ({Predecessor:} 8... O-O 9. Qc2 f5 10. O-O-O a6 11. Ne5 Nxe5 12. Bxe5 b5 13. Qb3 Nf6 14. f3 c6 {0-1 (34) Kunanantakul,K-Inthavong,M (1272) Vientiane 2018}) 9. Qe2 f5 10. Be5 Bf6 11. h3 Bxe5 12. dxe5 O-O 13. g4 Ng7 14. O-O-O Qe7 15. Rdg1 a5 ({Black should try} 15... Be8 $14) 16. h4 $16 a4 17. h5 g5 {[%mdl 8192] Loses the game.} (17... a3 $16) 18. h6 $18 Ne8 19. gxf5 exf5 20. Rxg5+ Kh8 21. Rhg1 a3 22. b3 Nxe5 {[#]} 23. Rg7 {[%cal Rg7e7][%mdl 512]} Qf6 (23... Nf7 $142 24. Ng5 Nf6) 24. Nxe5 Qxe5 25. Kc2 (25. Rxd7 $142 Nf6 26. Rdg7 Qxc3+ 27. Kd1) 25... Bc6 $2 (25... Be6 26. Qh5 Qf6) 26. Nf3 {[%cal Bd2f3,Bf3d4,Bd4f5][%mdl 32]} Qd6 (26... Qf6 $142 27. Nd4 Nd6 28. Rxc7 Rac8) 27. Nd4 Nf6 28. Bxf5 {Black must now prevent Qg4!} Rg8 {[#]} 29. Qg4 $3 {[%mdl 512] White mates.} Bd7 30. Qg5 Bxf5+ 31. Nxf5 Qe5 32. Rxg8+ Rxg8 {[#]} 33. Qg7+ $3 {[%mdl 33280] Weighted Error Value: White=0.45/Black=0.62. Loss on time!?} 1-0